000 01083nam a22001937a 4500
008 120726t xxu||||| |||| 00| 0 eng d
020 _a9780324593853
050 _aTK5105.5.W58
100 _aWhite, Curt M.
245 _aData communciation and computer networks: a business user's approach. /
_cCurt M. White.
250 _a5th ed.
260 _aAustralia:
_bCourse Technology
_c2009.
300 _axxi, 506 p.:
_bill.;
_c28cm.
500 _aIncludes index.
505 _aContents: Introduction to computer networks and data communcations -- Fundamentals of data and signals -- Conducted and wireless media -- Making connections efficient: multiplexing and compression -- Errors, error detection, and error control -- Local area networks: the basics -- Local area networks: software and support systems -- Introduction to metropolitan area networks and wide area networks -- The Internet -- Voice and data delivery networks -- Network design and management.
650 _aData transmission systems.
650 _aBusiness enterprises
_x Computer networks.
942 _2lcc
_cBK
999 _c1848
_d9348